00384 a2200121 450000500170000002000160001708200140003310000150004724500860006225000120014826000440016030000580020420250619145301.0 a998796312-9 a658.4 MAG aMAGIGI, W. aProject Design, Implementation and Resource Mobilization in a Competitive Economy a2nd Ed. aDar es Salaam,bSafi Publishers,c2015. axv,568p.; ill.; figurebAnnexes & Bibliographyc23cm.